00572nam a22001937a 450000500170000001000150001702000260003203500130005803500170007103700130008803700170010108200110011810000150012924501100014426000330025427000470028730000250033470000190035920140910165839.0 aENG-109097 a9788174469502c250.00 aEN-92630 aB-536535-538 bDBAD/PUB bKBD/Venadpl a338.04 aJham, Vimi aFootsteps of successful entrepreneurs :cby Vimi Jham [and] Keerti Sharmaba collection of case studies / aNew DelhibExcel Booksc2011 aA- 45, Naraina, Phase 1bNew Delhie110028 axii,153p.c22cm(pbk) aSharma, Keerti